|
|
|
|
| LEADER |
00000nam a2200000 a 4500 |
| 001 |
vtls001290703 |
| 003 |
SK-MaSNL |
| 005 |
20260301121757.0 |
| 008 |
240315s1989 xr 0 cze |
| 035 |
|
|
|a SNK000242354
|
| 040 |
|
|
|a SNK
|b slo
|c SNK
|e AACR2
|
| 044 |
|
|
|a xr
|c CZ
|
| 100 |
1 |
|
|a Bezruč, Petr,
|d 1867-1958
|4 aut
|9 189445
|
| 245 |
1 |
|
|a Slezské písně
|c Petr Bezruč
|
| 250 |
|
|
|a 4. vyd. v ČS
|
| 260 |
|
|
|a Praha
|b Čs. spis.
|c 1989
|
| 300 |
|
|
|a 169 s.
|c 8°
|
| 958 |
|
|
|a OND
|
| 999 |
|
|
|c 730604
|d 732534
|
| 952 |
|
|
|a SNK
|b SNK
|y VYP
|7 0
|p 17A1185223
|o snkIC 111477
|i snkKIP 4369/89
|0 0
|1 0
|4 0
|d 1997-06-16
|l 0
|r 2005-01-02 00:00:00
|w 2026-02-23
|
| 952 |
|
|
|t P60, <04>, [BOOK], {604}
|a SNK
|b SNK
|y VYP
|7 0
|o snkIC 111477 D1
|i snkKIP 4370/89
|0 0
|1 0
|4 0
|d 1997-06-16
|l 0
|r 2005-01-02 00:00:00
|w 2026-02-23
|
| 952 |
|
|
|t P60, <04>, [BOOK], {604}
|a SNK
|b SNK
|y VYP
|7 0
|p 17A0221089
|o snkIC 111477 D1
|0 0
|1 1
|4 0
|d 1999-12-09
|l 0
|r 2005-01-02 00:00:00
|w 2026-02-23
|